[Event "ENCI Limburg-open A"]
[Site "Maastricht"]
[Date "2010.05.21"]
[Round "1"]
[White "Beeke, Bobby"]
[Black "Bok, Benjamin"]
[Result "1-0"]
[WhiteElo "2210"]
[BlackElo "2430"]
[PlyCount "107"]
[EventDate "2010.05.21"]
[EventType "swiss"]
[EventRounds "7"]
[EventCountry "NED"]
[Source "P.Boonen"]
[SourceDate "2010.10.01"]

1. Nf3 Nf6 2. d4 g6 3. c4 Bg7 4. Nc3 d5 5. Bf4 O-O 6. Rc1 c6 7. e3 Be6 8. Ne5
Nbd7 9. Nxd7 Qxd7 10. c5 b6 11. cxb6 axb6 12. Bd3 Nh5 13. Bg5 c5 14. Bb5 Qb7
15. O-O Nf6 16. f3 Ne8 17. Bxe8 Rfxe8 18. Rf2 Rec8 19. Rd2 cxd4 20. exd4 b5 21.
b3 Rc6 22. Ne2 Rxc1 23. Nxc1 Rc8 24. Be3 Rc3 25. Rd3 Rc6 26. Rd2 Qa7 27. Kh1
Bf5 28. g4 Bd7 29. Qg1 Rf6 30. Kg2 h5 31. h3 hxg4 32. hxg4 Rc6 33. Nd3 Qa5 34.
Qf2 Be8 35. Rc2 Qc7 36. Rc5 e6 37. Qh4 Bf8 38. Bf4 Qa5 39. Be5 Bg7 40. Qe7 Qa8
41. Bxg7 Kxg7 42. Kg3 Rxc5 43. Nxc5 Kg8 44. b4 Bc6 45. Qd6 Kg7 46. g5 Be8 47.
Qe7 Kg8 48. Nb7 Bc6 49. Nd8 Qb8+ 50. f4 Kh8 51. Qf8+ Kh7 52. Qxf7+ Kh8 53. Qf8+
Kh7 54. Qh6+ 1-0

[Event "ENCI Limburg-open A"]
[Site "Maastricht"]
[Date "2010.05.21"]
[Round "1"]
[White "Beijerinck, Nick"]
[Black "Reymann, Cedric"]
[Result "0-1"]
[WhiteElo "2079"]
[BlackElo "2144"]
[PlyCount "82"]
[EventDate "2010.05.21"]
[EventType "swiss"]
[EventRounds "7"]
[EventCountry "NED"]
[Source "P.Boonen"]
[SourceDate "2010.10.01"]

1. e4 c5 2. Nf3 d6 3. d4 cxd4 4. Nxd4 Nf6 5. Nc3 Nc6 6. Bg5 e6 7. Qd2 Be7 8.
O-O-O O-O 9. f4 Nxd4 10. Qxd4 Qa5 11. e5 dxe5 12. Qxe5 Qb6 13. Bd3 Rd8 14. Qe2
Bd7 15. Ne4 Nd5 16. Bxe7 Nxe7 17. Rhf1 Nd5 18. Rf3 Rac8 19. Rg3 f5 20. Ng5 h6
21. Nh3 Nf6 22. Qe5 Ng4 23. Qe2 Ba4 24. b3 Be8 25. Rf1 Nxh2 26. Re1 Ng4 27.
Qxe6+ Qxe6 28. Rxe6 g6 29. Bc4 Bf7 30. Rxg6+ Kf8 31. R3xg4 fxg4 32. Rf6 Rxc4
33. bxc4 gxh3 34. gxh3 Kg7 35. Rf5 Bxc4 36. Rc5 Bd5 37. Kb2 Bc6 38. Kc3 Kf6 39.
Rh5 Kg6 40. Re5 Rf8 41. Re6+ Rf6 0-1

[Event "ENCI Limburg-open A"]
[Site "Maastricht"]
[Date "2010.05.21"]
[Round "1"]
[White "Berg, Emanuel"]
[Black "Zult, Daan"]
[Result "1-0"]
[WhiteElo "2616"]
[BlackElo "2235"]
[PlyCount "125"]
[EventDate "2010.05.21"]
[EventType "swiss"]
[EventRounds "7"]
[EventCountry "NED"]
[Source "P.Boonen"]
[SourceDate "2010.10.01"]
[TimeControl "60+1"]
[BlackClock "0:04:00"]

1. e4 e5 2. Nf3 Nc6 3. Bb5 a6 4. Ba4 Nf6 5. O-O Be7 6. Re1 b5 7. Bb3 d6 8. c3
O-O 9. h3 Bb7 10. d3 Na5 11. Bc2 c5 12. Nbd2 Re8 13. Nf1 g6 14. Ng3 Bf8 15. d4
exd4 16. cxd4 cxd4 17. Bf4 Nc4 18. b3 Ne5 19. Nxd4 d5 20. Bxe5 Rxe5 21. f4 Re8
22. e5 Ne4 23. Kh2 Bc5 24. Bxe4 dxe4 25. Nc2 Qd3 26. Qe2 f5 27. exf6 Rad8 28.
Ne3 Bd4 29. Rad1 Qxe2 30. Rxe2 Bxf6 31. Ng4 Bh4 32. Rxd8 Bxd8 33. Nf2 e3 34.
Ng4 h5 35. Rxe3 Rxe3 36. Nxe3 Bc7 37. Ne2 g5 38. g3 h4 39. fxg5 Bf3 40. Nf4 b4
41. Nf5 Be4 42. Nxh4 Be5 43. Kg1 Bb1 44. Nf3 Bc3 45. Nd5 a5 46. Nxc3 bxc3 47.
Nd4 Bd3 48. Kf2 c2 49. Nxc2 Bxc2 50. Ke3 Kf7 51. Kd4 Kg6 52. h4 Kh5 53. Kc5 Kg4
54. Kb5 Bb1 55. a4 Bc2 56. Kxa5 Bxb3 57. Kb4 Bd5 58. Kc5 Be4 59. a5 Kxg3 60. h5
Kg4 61. g6 Kxh5 62. g7 Bh7 63. a6 1-0

[Event "ENCI Limburg-open A"]
[Site "Maastricht"]
[Date "2010.05.21"]
[Round "1"]
[White "Bijlsma, Nick"]
[Black "Wislez, Francis"]
[Result "1-0"]
[WhiteElo "2125"]
[BlackElo "2040"]
[PlyCount "107"]
[EventDate "2010.05.21"]
[EventType "swiss"]
[EventRounds "7"]
[EventCountry "NED"]
[Source "P.Boonen"]
[SourceDate "2010.10.01"]

1. e4 e6 2. d3 d5 3. Nd2 c5 4. Ngf3 Nc6 5. g3 Be7 6. Bg2 Nf6 7. O-O O-O 8. Re1
dxe4 9. dxe4 e5 10. c3 h6 11. Qc2 Be6 12. h3 Qd7 13. Kh2 Rad8 14. b3 Nh7 15.
Bb2 Ng5 16. h4 Nxf3+ 17. Nxf3 f6 18. Rad1 Qc8 19. Nd2 Rd7 20. Nf1 Rxd1 21. Rxd1
Rd8 22. Ne3 Rxd1 23. Qxd1 Qd8 24. Qxd8+ Bxd8 25. Bh3 Bxh3 26. Kxh3 Ne7 27. h5
Kf7 28. Kg4 b5 29. f4 exf4 30. gxf4 Bb6 31. c4 bxc4 32. Nxc4 Nc6 33. Nd6+ Ke6
34. Nf5 Kf7 35. e5 fxe5 36. fxe5 Nd8 37. Kf4 Ne6+ 38. Ke4 Ke8 39. Bc1 Kd7 40.
Nd6 Bc7 41. Nc4 Ke7 42. Be3 Kf7 43. Kd5 Bb6 44. Kd6 Nd4 45. Kd7 Nf5 46. Bf4 g5
47. e6+ Kf8 48. Nd6 Ne7 49. Be5 Nd5 50. Nf5 g4 51. e7+ Nxe7 52. Nxe7 c4 53.
bxc4 Bf2 54. Nf5 1-0

[Event "ENCI Limburg-open A"]
[Site "Maastricht"]
[Date "2010.05.21"]
[Round "1"]
[White "Braun, Christian1"]
[Black "Ducarmon, Quinten"]
[Result "1/2-1/2"]
[WhiteElo "2377"]
[BlackElo "2203"]
[PlyCount "98"]
[EventDate "2010.05.21"]
[EventType "swiss"]
[EventRounds "7"]
[EventCountry "NED"]
[Source "P.Boonen"]
[SourceDate "2010.10.01"]

1. e4 c6 2. Nc3 d5 3. Nf3 Bg4 4. h3 Bxf3 5. Qxf3 Nf6 6. d3 e6 7. g3 Bb4 8. Bd2
d4 9. Nb1 Bxd2+ 10. Nxd2 Nbd7 11. Bg2 Qc7 12. O-O O-O-O 13. b4 h5 14. b5 cxb5
15. Rfb1 h4 16. Rxb5 hxg3 17. fxg3 a6 18. Rg5 Ne5 19. Qf2 Ne8 20. Rxe5 Qxe5 21.
Nc4 Qf6 22. Qe1 e5 23. Qa5 b5 24. Nb6+ Kb7 25. Nd5 Qd6 26. a4 Nc7 27. axb5 Nxb5
28. Rb1 Rc8 29. h4 Rc5 30. Bh3 Ka7 31. Qa2 Rb8 32. Ra1 Nc3 33. Nxc3 Rxc3 34.
Qxf7+ Rb7 35. Qd5 Qxd5 36. exd5 Rb6 37. Ra2 Rd6 38. Be6 Kb6 39. Kf2 Kc5 40. Kf3
Rb6 41. Bc8 Kxd5 42. Bxa6 e4+ 43. Ke2 e3 44. Bc4+ Ke5 45. Bb3 Rbxb3 46. cxb3
Rxb3 47. h5 Rb7 48. Rc2 Kd5 49. Ra2 Kc5 1/2-1/2

[Event "ENCI Limburg-open A"]
[Site "Maastricht"]
[Date "2010.05.21"]
[Round "1"]
[White "Coenen, Eduard"]
[Black "Hortensius, Lisa"]
[Result "1/2-1/2"]
[WhiteElo "2140"]
[BlackElo "2063"]
[PlyCount "97"]
[EventDate "2010.05.21"]
[EventType "swiss"]
[EventRounds "7"]
[EventCountry "NED"]
[Source "P.Boonen"]
[SourceDate "2010.10.01"]

1. d4 Nf6 2. Nf3 g6 3. Bg5 Bg7 4. Nbd2 O-O 5. e3 d6 6. c3 Nbd7 7. h4 h6 8. Bf4
Re8 9. h5 gxh5 10. Bc4 Nf8 11. Qb3 Ne6 12. O-O-O c6 13. Bg3 Qa5 14. Rh4 Rb8 15.
Bd3 Nf8 16. Rdh1 Be6 17. Bc4 Bxc4 18. Nxc4 Qc7 19. e4 b5 20. Ne3 Ng6 21. Rxh5
Nxh5 22. Rxh5 e6 23. Ng4 Kf8 24. Nxh6 Bxh6+ 25. Rxh6 Kg7 26. Rxg6+ Kxg6 27. Qc2
Kg7 28. e5 d5 29. Bh4 Rg8 30. Bf6+ Kf8 31. Qh7 Rg6 32. Ng5 Rxf6 33. Qh8+ Ke7
34. Qxf6+ Ke8 35. Qg7 Qe7 36. f4 Qf8 37. Qf6 Qe7 38. Qh6 Kd7 39. Nh7 Kc7 40. g4
Rh8 41. Qg7 Qe8 42. Ng5 Rg8 43. Qh7 Rh8 44. Qxf7+ Qxf7 45. Nxf7 Rh4 46. Ng5 Kd7
47. f5 exf5 48. gxf5 Rh5 49. Ne6 {.....} 1/2-1/2

[Event "ENCI Limburg-open A"]
[Site "Maastricht"]
[Date "2010.05.21"]
[Round "1"]
[White "Dalemans, Diana"]
[Black "Seirafi, Mehrdad"]
[Result "1-0"]
[WhiteElo "1906"]
[BlackElo "2032"]
[PlyCount "149"]
[EventDate "2010.05.21"]
[EventType "swiss"]
[EventRounds "7"]
[EventCountry "NED"]
[Source "P.Boonen"]
[SourceDate "2010.10.01"]

1. e4 d5 2. exd5 Nf6 3. d4 Bg4 4. Be2 Bxe2 5. Nxe2 Qxd5 6. O-O Nc6 7. b3 O-O-O
8. c4 Qh5 9. Nbc3 e6 10. Rb1 Bc5 11. Nb5 a6 12. Qc2 Bxd4 13. Nbxd4 Nxd4 14.
Nxd4 Rxd4 15. f4 Rhd8 16. h3 Qh4 17. Be3 Re4 18. Rbd1 Rxd1 19. Rxd1 Qg3 20. Bf2
Qxf4 21. Qd3 Qd6 22. Qc2 Qe7 23. c5 c6 24. Be1 Re5 25. b4 h6 26. a4 Rd5 27. Rc1
Qd7 28. Rb1 Rd3 29. b5 axb5 30. axb5 cxb5 31. Kh1 Rd4 32. Bg3 Ne4 33. Be5 Rc4
34. Qa2 Ra4 35. Qc2 f6 36. Bd6 Qc6 37. Rd1 Rc4 38. Qa2 Qa6 39. Qb2 Qa4 40. Ra1
Qb4 41. Ra8+ Kd7 42. c6+ Kxd6 43. Qxb4+ Rxb4 44. cxb7 Ra4 45. b8=Q+ Kc5 46.
Rxa4 bxa4 47. Qa7+ Kd5 48. Qxa4 g5 49. Qd7+ Ke5 50. Qh7 h5 51. h4 gxh4 52.
Qxh5+ f5 53. Qxh4 f4 54. Kg1 Kf5 55. Qe7 Ng5 56. Qd7 Kf6 57. Qd8+ Kf5 58. Qd3+
Kf6 59. g4 fxg3 60. Kg2 e5 61. Kxg3 Ne6 62. Kg4 Nd4 63. Qa6+ Ke7 64. Kg5 Kd7
65. Kf6 Nc6 66. Qd3+ Kc7 67. Ke6 Kb6 68. Kd6 Nb4 69. Qc4 Na6 70. Qb3+ Ka5 71.
Kc6 Nb4+ 72. Kc5 Na6+ 73. Kc4 Nc7 74. Qb8 Ka6 75. Qxc7 1-0

[Event "ENCI Limburg-open A"]
[Site "Maastricht"]
[Date "2010.05.21"]
[Round "1"]
[White "De Reymaeker, Walter"]
[Black "Ocantos, Manuel"]
[Result "0-1"]
[WhiteElo "2028"]
[BlackElo "2125"]
[PlyCount "118"]
[EventDate "2010.05.21"]
[EventType "swiss"]
[EventRounds "7"]
[EventCountry "NED"]
[Source "P.Boonen"]
[SourceDate "2010.10.01"]

1. e4 c5 2. Nc3 d6 3. f4 Nc6 4. Nf3 g6 5. Bb5 Bd7 6. d3 Bg7 7. O-O a6 8. Bxc6
Bxc6 9. Qe1 e6 10. f5 exf5 11. exf5+ Qe7 12. Qg3 O-O-O 13. Bg5 f6 14. Rae1 Qd7
15. Bf4 g5 16. Be3 Nh6 17. d4 Nxf5 18. Qf2 Bxf3 19. Qxf3 cxd4 20. Nd5 Kb8 21.
Qxf5 Qxf5 22. Rxf5 dxe3 23. Rxe3 Rhe8 24. Kf2 Re5 25. g4 h5 26. h3 hxg4 27.
hxg4 Rh8 28. Rexe5 dxe5 29. Ke2 Rh2+ 30. Kd3 e4+ 31. Kc3 Kc8 32. Ne3 Kd7 33.
Kd4 Ke6 34. Kxe4 Bf8 35. a3 Bd6 36. Kd3 Bf4 37. Nc4 b5 38. Na5 Rd2+ 39. Kc3 Rg2
40. Nb7 Be5+ 41. Kb3 Rxg4 42. Rf1 Rc4 43. a4 Rc7 44. Na5 bxa4+ 45. Kxa4 Rxc2
46. b4 g4 47. Nb7 Bd4 48. Rf4 Ke5 49. Rxg4 f5 50. Rg8 f4 51. Re8+ Kd5 52. Rd8+
Ke5 53. Re8+ Kf5 54. Nd6+ Kg4 55. Rg8+ Kf3 56. Kb3 Rc1 57. Nf5 Be3 58. Rg6 Ke4
59. Nh4 Rh1 0-1

[Event "ENCI Limburg-open A"]
[Site "Maastricht"]
[Date "2010.05.21"]
[Round "1"]
[White "Fedorchuk, Sergey A"]
[Black "Holm, Sejer"]
[Result "1-0"]
[WhiteElo "2646"]
[BlackElo "2253"]
[PlyCount "79"]
[EventDate "2010.05.21"]
[EventType "swiss"]
[EventRounds "7"]
[EventCountry "NED"]
[Source "P.Boonen"]
[SourceDate "2010.10.01"]

1. e4 e6 2. d4 d5 3. Nd2 dxe4 4. Nxe4 Nd7 5. c4 Ngf6 6. Nc3 Bb4 7. Nf3 O-O 8.
Be2 Ne4 9. Qc2 Nxc3 10. bxc3 Be7 11. Bd3 h6 12. Qe2 c5 13. O-O Nf6 14. Bf4 b6
15. Rad1 cxd4 16. cxd4 Bb7 17. Ne5 Re8 18. Bc2 a6 19. a4 Rc8 20. Qe3 Bf8 21.
Rb1 Nh5 22. Bg3 f5 23. Bd1 Nxg3 24. hxg3 Be4 25. Bh5 Bxb1 26. Bxe8 Qxe8 27.
Rxb1 Qxa4 28. g4 b5 29. c5 Qa2 30. Re1 Qd5 31. Ng6 fxg4 32. Nf4 Qf5 33. Nxe6
Kh7 34. Qb3 Be7 35. Nxg7 Qf8 36. Ne6 Qg8 37. Qd3+ Qg6 38. Nf4 Qxd3 39. Rxe7+
Kg8 40. Nxd3 1-0

[Event "ENCI Limburg-open A"]
[Site "Maastricht"]
[Date "2010.05.21"]
[Round "1"]
[White "Hamblok, Roel"]
[Black "Winkels, Marcel"]
[Result "1-0"]
[WhiteElo "2145"]
[BlackElo "2080"]
[PlyCount "93"]
[EventDate "2010.05.21"]
[EventType "swiss"]
[EventRounds "7"]
[EventCountry "NED"]
[Source "P.Boonen"]
[SourceDate "2010.10.01"]

1. d4 Nf6 2. Bg5 Ne4 3. Bf4 c5 4. f3 Qa5+ 5. c3 Nf6 6. Nd2 cxd4 7. Nb3 Qf5 8.
Bxb8 Rxb8 9. cxd4 e5 10. dxe5 Bb4+ 11. Nd2 Qxe5 12. a3 Bxd2+ 13. Qxd2 O-O 14.
e3 Re8 15. Kf2 d5 16. Ne2 Qf5 17. Qd4 b6 18. Qf4 Qxf4 19. Nxf4 g5 20. Ne2 Bb7
21. Nd4 Rbc8 22. Bd3 Red8 23. Bf5 Rc5 24. b4 Rc4 25. Rhc1 a6 26. Ke2 Ne8 27.
Bd3 Rxc1 28. Rxc1 Rc8 29. Rxc8 Bxc8 30. Kd2 Nd6 31. Kc3 h6 32. a4 Kg7 33. a5 b5
34. Nb3 Nc4 35. Kd4 Kf6 36. Nc5 Ke7 37. e4 dxe4 38. Bxc4 bxc4 39. Nxe4 Be6 40.
Nc5 Bc8 41. Kxc4 Kd6 42. b5 axb5+ 43. Kxb5 Kc7 44. a6 Kb8 45. Kb6 g4 46. a7+
Ka8 47. fxg4 1-0

[Event "ENCI Limburg-open A"]
[Site "Maastricht"]
[Date "2010.05.21"]
[Round "1"]
[White "Heltzel, Joost"]
[Black "Miroshnichenko, Evgenij"]
[Result "0-1"]
[WhiteElo "2265"]
[BlackElo "2684"]
[PlyCount "80"]
[EventDate "2010.05.21"]
[EventType "swiss"]
[EventRounds "7"]
[EventCountry "NED"]
[Source "P.Boonen"]
[SourceDate "2010.10.01"]

1. e4 c5 2. Nc3 a6 3. g3 b5 4. Bg2 Bb7 5. d3 e6 6. f4 d5 7. e5 Ne7 8. Nf3 Nbc6
9. O-O h5 10. Be3 Nf5 11. Bf2 Be7 12. h4 Qd7 13. Qd2 g6 14. Ne2 d4 15. c3 dxc3
16. bxc3 Rd8 17. Rfd1 O-O 18. Ng5 Bxg5 19. hxg5 Na5 20. Bxb7 Qxb7 21. Qe1 c4
22. d4 Kg7 23. Kh2 Qf3 24. Ng1 Qg4 25. Qe2 Nc6 26. a4 Nce7 27. axb5 axb5 28.
Rdb1 Ra8 29. Qxg4 hxg4 30. Ne2 Nd5 31. Kg1 Ra4 32. Rxa4 bxa4 33. Be1 Ra8 34.
Nc1 a3 35. Na2 Rh8 36. Nc1 Nfe3 37. Na2 Rh3 38. Bf2 Nf5 39. Kg2 Nde3+ 40. Bxe3
Rxg3+ 0-1

[Event "ENCI Limburg-open A"]
[Site "Maastricht"]
[Date "2010.05.21"]
[Round "1"]
[White "Henrichs, Thomas"]
[Black "Timmermans, Ivo"]
[Result "1-0"]
[WhiteElo "2482"]
[BlackElo "2216"]
[PlyCount "67"]
[EventDate "2010.05.21"]
[EventType "swiss"]
[EventRounds "7"]
[EventCountry "NED"]
[Source "P.Boonen"]
[SourceDate "2010.10.01"]

1. d4 d5 2. c4 c6 3. Nf3 Nf6 4. Nc3 dxc4 5. a4 Bf5 6. Ne5 Nbd7 7. Nxc4 Nb6 8.
Ne5 a5 9. Rg1 h6 10. g4 Bh7 11. h4 e6 12. g5 Nfd7 13. Nd3 Nd5 14. Nf4 Qc7 15.
Nfxd5 exd5 16. Rg3 O-O-O 17. Bd2 Kb8 18. Rc1 Nb6 19. Nb5 Qd7 20. Bh3 Bf5 21.
Bxf5 Qxf5 22. Bxa5 cxb5 23. Bxb6 Bb4+ 24. Kf1 Rc8 25. axb5 hxg5 26. Ra1 Rc2 27.
Rf3 Qe4 28. Ba7+ Kc8 29. Rc1 Rxc1 30. Qxc1+ Kd7 31. Bb6 Bd6 32. Qxg5 Rxh4 33.
Qd8+ Ke6 34. Qc8+ 1-0

[Event "ENCI Limburg-open A"]
[Site "Maastricht"]
[Date "2010.05.21"]
[Round "1"]
[White "Henzen, Arno"]
[Black "Bezemer, Arno"]
[Result "1-0"]
[WhiteElo "2186"]
[BlackElo "2343"]
[PlyCount "120"]
[EventDate "2010.05.21"]
[EventType "swiss"]
[EventRounds "7"]
[EventCountry "NED"]
[Source "P.Boonen"]
[SourceDate "2010.10.01"]

1. Nf3 Nf6 2. c4 g6 3. Nc3 d5 4. Qa4+ Bd7 5. Qb3 dxc4 6. Qxc4 c5 7. Ne5 e6 8.
g3 Nc6 9. Nxd7 Nxd7 10. Bg2 Bg7 11. O-O O-O 12. d3 Rc8 13. Be3 Nd4 14. Qa4 b5
15. Qxa7 Nc2 16. Rab1 Nxe3 17. fxe3 b4 18. Nd1 Rc7 19. Qa5 Qb8 20. Qa4 h5 21.
Rc1 Be5 22. Bc6 Nb6 23. Qb5 Bd6 24. Nf2 f5 25. d4 Rfc8 26. Bg2 h4 27. Nd3 cxd4
28. Rxc7 Rxc7 29. Nxb4 Nd7 30. Qxb8+ Nxb8 31. Nd3 dxe3 32. gxh4 Rc4 33. h5 gxh5
34. Rxf5 Bxh2+ 35. Kf1 h4 36. Rf3 Nc6 37. Rxe3 Nd4 38. Re4 Nf5 39. Rxe6 Rc2 40.
Bh3 Nd6 41. a4 Nc4 42. b4 Kg7 43. a5 Ra2 44. Kf2 Ra1 45. a6 Nd6 46. Nc5 Nc4 47.
Kg2 Bg1 48. Rc6 Ne3+ 49. Kf3 Nd5 50. Nd3 Rb1 51. Ke4 Nf6+ 52. Kf5 Nd5 53. Ke4
Nf6+ 54. Ke5 Bh2+ 55. Ke6 Ra1 56. Rb6 Ne8 57. Rb7+ Nc7+ 58. Kd7 Nxa6 59. b5
Nb8+ 60. Ke6+ Kh6 1-0

[Event "ENCI Limburg-open A"]
[Site "Maastricht"]
[Date "2010.05.21"]
[Round "1"]
[White "Hovenga, Alje"]
[Black "Hetey, Laszlo"]
[Result "0-1"]
[WhiteElo "2188"]
[BlackElo "2351"]
[PlyCount "88"]
[EventDate "2010.05.21"]
[EventType "swiss"]
[EventRounds "7"]
[EventCountry "NED"]
[Source "P.Boonen"]
[SourceDate "2010.10.01"]

1. d4 Nf6 2. c4 e6 3. Nc3 Bb4 4. Nf3 b6 5. Qb3 c5 6. Bg5 h6 7. Bh4 Nc6 8. d5
Na5 9. Qc2 Nxc4 10. e4 Nxb2 11. Qxb2 Nxe4 12. Qxb4 cxb4 13. Nxe4 Qc7 14. Bg3
Qc2 15. Nd6+ Ke7 16. Bc4 Qc3+ 17. Ke2 Qb2+ 18. Nd2 exd5 19. Bd3 Rd8 20. Rhd1 a5
21. Kf1 Kf8 22. Nf3 Ba6 23. Bxa6 Rxa6 24. Be5 Qc2 25. Rd2 Qg6 26. Rxd5 f6 27.
Bb2 a4 28. Rad1 a3 29. Ba1 b3 30. axb3 Qc2 31. R5d3 a2 32. Nd4 Qc7 33. N4b5 Qc5
34. Rc3 Qh5 35. Re1 Ra5 36. Nd4 Rd5 37. Rh3 Qg6 38. Rg3 Qb1 39. N6b5 Re8 40.
Rge3 Rxe3 41. fxe3 Rxb5 42. Nxb5 Qd3+ 43. Kf2 Qxb5 44. Re2 Qf5+ 0-1

[Event "ENCI Limburg-open A"]
[Site "Maastricht"]
[Date "2010.05.21"]
[Round "1"]
[White "Iosif Hoellenriegel, Daniela"]
[Black "Favier, Alain"]
[Result "0-1"]
[WhiteElo "1996"]
[BlackElo "2097"]
[PlyCount "68"]
[EventDate "2010.05.21"]
[EventType "swiss"]
[EventRounds "7"]
[EventCountry "NED"]
[Source "P.Boonen"]
[SourceDate "2010.10.01"]

1. d4 d5 2. c3 Nf6 3. g3 e6 4. Bg2 c5 5. Nf3 Nc6 6. O-O Be7 7. Bg5 Qb6 8. b3 h6
9. dxc5 Qxc5 10. Be3 Qd6 11. a4 O-O 12. Na3 e5 13. b4 Bf5 14. Bc5 Qd7 15. Bxe7
Qxe7 16. Qb3 Qe6 17. e3 Bh3 18. b5 Bxg2 19. Kxg2 e4 20. Nd2 Ne5 21. Nc2 Nf3 22.
Rad1 Ng5 23. Rh1 Qh3+ 24. Kg1 Ng4 25. Nd4 Ne5 26. Qxd5 Rfe8 27. f4 exf3 28.
N2xf3 Rad8 29. Nxg5 hxg5 30. Qxb7 Nc4 31. Rf1 Nxe3 32. Qxf7+ Kh7 33. Rf2 Rf8
34. Qe6 Qg2+ 0-1

[Event "ENCI Limburg-open A"]
[Site "Maastricht"]
[Date "2010.05.21"]
[Round "1"]
[White "Kempen, Leon"]
[Black "Schleipfenbauer, Frank"]
[Result "1/2-1/2"]
[WhiteElo "2018"]
[BlackElo "2110"]
[PlyCount "68"]
[EventDate "2010.05.21"]
[EventType "swiss"]
[EventRounds "7"]
[EventCountry "NED"]
[Source "P.Boonen"]
[SourceDate "2010.10.01"]

1. e4 c5 2. Nf3 d6 3. Bc4 e6 4. O-O Nc6 5. Re1 Be7 6. d3 Nf6 7. c3 O-O 8. Bb3
b5 9. Nbd2 a5 10. Nf1 Qc7 11. h3 Bb7 12. Bf4 Ne5 13. Nxe5 dxe5 14. Bg5 c4 15.
Bxf6 Bxf6 16. Bc2 Rfd8 17. Qe2 cxd3 18. Bxd3 b4 19. Rac1 Qb6 20. Kh2 Be7 21.
Red1 bxc3 22. Rxc3 Bb4 23. Rcc1 Bc5 24. Kg3 Bd4 25. b3 f5 26. exf5 exf5 27.
Bxf5 Qf6 28. Qg4 g6 29. Rc7 Bd5 30. Be4 Qxf2+ 31. Kh2 Qg1+ 32. Kg3 Qf2+ 33. Kh2
Qg1+ 34. Kg3 Qf2+ 1/2-1/2

[Event "ENCI Limburg-open A"]
[Site "Maastricht"]
[Date "2010.05.21"]
[Round "1"]
[White "Laurent, Bruno"]
[Black "Mengerink, Ynze"]
[Result "1/2-1/2"]
[WhiteElo "2330"]
[BlackElo "2093"]
[PlyCount "136"]
[EventDate "2010.05.21"]
[EventType "swiss"]
[EventRounds "7"]
[EventCountry "NED"]
[Source "P.Boonen"]
[SourceDate "2010.10.01"]

1. e4 c6 2. c4 d5 3. exd5 cxd5 4. cxd5 Nf6 5. Nc3 Nxd5 6. Nf3 e6 7. Bc4 Nb6 8.
Bb3 Nc6 9. d4 Be7 10. O-O O-O 11. a3 Bf6 12. Be3 g6 13. Rc1 Ne7 14. Ne4 Bg7 15.
Bg5 h6 16. Bf6 Bd7 17. Ne5 Bxf6 18. Nxf6+ Kg7 19. Qf3 Nf5 20. Nfxd7 Nxd7 21.
Rfd1 Rb8 22. Qc3 Nxe5 23. dxe5 Qb6 24. Rd3 Rfd8 25. Rcd1 Rbc8 26. Qd2 Nd4 27.
Rxd4 Rxd4 28. Qxd4 Qxb3 29. g3 Qf3 30. Qd3 Qxd3 31. Rxd3 Rc5 32. Re3 Rc2 33. b3
Kf8 34. Kg2 Ke7 35. Kf3 Kd7 36. h4 b5 37. b4 Ke7 38. Rd3 Rc6 39. Ke4 Rc4+ 40.
Kf3 Rc6 41. Ke3 Ke8 42. Kd2 Ke7 43. Rd4 Ra6 44. Rd3 Rc6 45. f3 Rc7 46. Rd4 Rc6
47. Rd3 Rc7 48. Ke3 Rc6 49. g4 Rc4 50. f4 g5 51. hxg5 hxg5 52. fxg5 Rxg4 53.
Rc3 Kd7 54. Rd3+ Kc7 55. Rc3+ Kb7 56. Rd3 Rxg5 57. Rd7+ Kc6 58. Rxf7 Rxe5+ 59.
Kd4 Rd5+ 60. Ke4 a6 61. Ra7 Kb6 62. Re7 Rd6 63. Ke5 Rd3 64. Rxe6+ Kb7 65. Re7+
Kb6 66. Re6+ Kb7 67. Re7+ Kc6 68. Re6+ Kb7 1/2-1/2

[Event "ENCI Limburg-open A"]
[Site "Maastricht"]
[Date "2010.05.21"]
[Round "1"]
[White "Lesman, Francis"]
[Black "Oosterman, Maarten Jan"]
[Result "1-0"]
[WhiteElo "2087"]
[BlackElo "1978"]
[PlyCount "71"]
[EventDate "2010.05.21"]
[EventType "swiss"]
[EventRounds "7"]
[EventCountry "NED"]
[Source "P.Boonen"]
[SourceDate "2010.10.01"]

1. d4 d5 2. c4 c6 3. Nf3 Nf6 4. Nc3 a6 5. a4 e6 6. Bg5 Be7 7. e3 a5 8. Bd3 Na6
9. Rc1 Nb4 10. Bb1 O-O 11. O-O b6 12. Ne5 Ba6 13. Qf3 Nd7 14. Bxe7 Qxe7 15. Qh3
f5 16. Nxd7 Qxd7 17. cxd5 Bxf1 18. dxe6 Qxe6 19. Rxf1 Rf6 20. e4 f4 21. Qxe6+
Rxe6 22. d5 Re5 23. dxc6 Rc8 24. Nd5 Rxc6 25. Nxf4 Kf8 26. Ne2 g5 27. Rd1 Rec5
28. f3 Kg7 29. Kf2 Kf6 30. g3 h5 31. f4 gxf4 32. gxf4 h4 33. e5+ Kf7 34. Bf5
Rd5 35. Nd4 Rc4 36. Be6+ 1-0

[Event "ENCI Limburg-open A"]
[Site "Maastricht"]
[Date "2010.05.21"]
[Round "1"]
[White "Luncescu, Christian"]
[Black "Zimmermann, Luc"]
[Result "1-0"]
[WhiteElo "2131"]
[BlackElo "2057"]
[PlyCount "71"]
[EventDate "2010.05.21"]
[EventType "swiss"]
[EventRounds "7"]
[EventCountry "NED"]
[Source "P.Boonen"]
[SourceDate "2010.10.01"]

1. e4 c5 2. Nc3 d6 3. g3 Nc6 4. Bg2 g6 5. d3 Bg7 6. Be3 e5 7. Qd2 Nge7 8. Bh6
O-O 9. h4 Bxh6 10. Qxh6 f6 11. Qd2 Nd4 12. Nce2 Nec6 13. c3 Nxe2 14. Nxe2 Be6
15. d4 Bc4 16. d5 Ne7 17. h5 g5 18. Bh3 h6 19. Be6+ Kg7 20. f4 Bb5 21. O-O Qe8
22. fxe5 dxe5 23. g4 Nc8 24. Qe3 Bxe2 25. Qxe2 Nd6 26. b3 a5 27. Qe3 Qb5 28.
Rab1 a4 29. bxa4 Qxa4 30. Qxc5 Qxe4 31. Rbe1 Qd3 32. Re3 Qd2 33. Ref3 Rxa2 34.
R3f2 Qd3 35. Rxa2 Nc4 36. Qe7+ 1-0

[Event "ENCI Limburg-open A"]
[Site "Maastricht"]
[Date "2010.05.21"]
[Round "1"]
[White "Maciol, Ryszard"]
[Black "Brandenburg, Daan"]
[Result "0-1"]
[WhiteElo "2222"]
[BlackElo "2503"]
[PlyCount "40"]
[EventDate "2010.05.21"]
[EventType "swiss"]
[EventRounds "7"]
[EventCountry "NED"]
[Source "P.Boonen"]
[SourceDate "2010.10.01"]

1. d4 Nf6 2. c4 c5 3. d5 b5 4. cxb5 a6 5. e3 axb5 6. Bxb5 Qa5+ 7. Nc3 Bb7 8.
Bd2 Qb6 9. Qb3 e6 10. Bc4 Qxb3 11. Bxb3 Na6 12. Nf3 exd5 13. O-O Be7 14. Rfd1
O-O 15. Be1 Nc7 16. Nh4 g6 17. f3 Rfb8 18. Bg3 d6 19. Rd2 Bc8 20. f4 Rxb3 0-1

[Event "ENCI Limburg-open A"]
[Site "Maastricht"]
[Date "2010.05.21"]
[Round "1"]
[White "Memeti, Kastriot"]
[Black "Driessens, Patrick"]
[Result "1-0"]
[WhiteElo "2202"]
[BlackElo "2357"]
[PlyCount "65"]
[EventDate "2010.05.21"]
[EventType "swiss"]
[EventRounds "7"]
[EventCountry "NED"]
[Source "P.Boonen"]
[SourceDate "2010.10.01"]

1. d4 d5 2. Bf4 c5 3. e3 e6 4. c3 Nc6 5. Nd2 Nf6 6. Ngf3 Bd6 7. Bg3 Qe7 8. Ne5
Bxe5 9. dxe5 Nd7 10. Qh5 O-O 11. Nf3 f5 12. Bf4 Qf7 13. Qh3 Qg6 14. g3 h6 15.
Be2 Qh7 16. g4 g5 17. Rg1 Kh8 18. Bxg5 hxg5 19. Qxh7+ Kxh7 20. Nxg5+ Kh8 21.
Nxe6 Rg8 22. f4 fxg4 23. Nc7 Rb8 24. Nxd5 Ndxe5 25. fxe5 Nxe5 26. O-O-O Be6 27.
b3 Rg7 28. Nf4 Bf7 29. Nd3 Re8 30. Nxe5 Rxe5 31. Rd8+ Kh7 32. Bxg4 Be6 33. Re8
1-0

[Event "ENCI Limburg-open A"]
[Site "Maastricht"]
[Date "2010.05.21"]
[Round "1"]
[White "Meyer, Henri"]
[Black "Smith, Thijmen"]
[Result "1-0"]
[WhiteElo "1978"]
[BlackElo "2091"]
[PlyCount "77"]
[EventDate "2010.05.21"]
[EventType "swiss"]
[EventRounds "7"]
[EventCountry "NED"]
[Source "P.Boonen"]
[SourceDate "2010.10.01"]

1. d4 Nf6 2. c4 g6 3. Nc3 d5 4. Bf4 Bg7 5. e3 c5 6. dxc5 Qa5 7. Rc1 Ne4 8. Nge2
Nxc3 9. Qd2 e5 10. Bg3 d4 11. bxc3 dxe3 12. Qxe3 Nc6 13. Nd4 Qxc5 14. Nf5 Qxe3+
15. Nxe3 Bh6 16. Rb1 Bxe3 17. fxe3 O-O 18. Be2 f5 19. Bf3 e4 20. Be2 Rd8 21. c5
Be6 22. Rxb7 Bxa2 23. c4 a5 24. Rb2 Nb4 25. Bd6 Ra6 26. Kd2 Rd7 27. Kc3 Rb7 28.
Ra1 Kf7 29. Raxa2 Nxa2+ 30. Rxa2 a4 31. Bd1 a3 32. c6 Rxc6 33. c5 g5 34. Bb3+
Kg6 35. Bd5 Rxd6 36. Bxb7 Rd3+ 37. Kc4 Rxe3 38. c6 Re1 39. Rxa3 1-0